<?xml version="1.0" encoding="UTF-8"?>
<record
    xmlns:xsi="http://www.w3.org/2001/XMLSchema-instance"
    xsi:schemaLocation="http://www.loc.gov/MARC21/slim http://www.loc.gov/standards/marcxml/schema/MARC21slim.xsd"
    xmlns="http://www.loc.gov/MARC21/slim">

  <leader>01152nam a2200337 i 4500</leader>
  <controlfield tag="001">192948</controlfield>
  <controlfield tag="003">SpMaBN</controlfield>
  <controlfield tag="005">20250811095945.0</controlfield>
  <controlfield tag="008">030826s2003    sp |          ||| ||spa  </controlfield>
  <datafield tag="016" ind1="7" ind2=" ">
    <subfield code="a">bimoBNE20030680565</subfield>
    <subfield code="2">SpMaBN</subfield>
  </datafield>
  <datafield tag="017" ind1=" " ind2=" ">
    <subfield code="a">M 21919-2003</subfield>
    <subfield code="b">Oficina Dep&#xF3;sito Legal Madrid</subfield>
  </datafield>
  <datafield tag="020" ind1=" " ind2=" ">
    <subfield code="a">8495427982</subfield>
  </datafield>
  <datafield tag="035" ind1=" " ind2=" ">
    <subfield code="a">(OCoLC)52618739</subfield>
  </datafield>
  <datafield tag="040" ind1=" " ind2=" ">
    <subfield code="b">spa</subfield>
    <subfield code="c">SpMaBN</subfield>
    <subfield code="e">rdc</subfield>
  </datafield>
  <datafield tag="080" ind1=" " ind2=" ">
    <subfield code="a">159.947.3</subfield>
  </datafield>
  <datafield tag="080" ind1=" " ind2=" ">
    <subfield code="a">316.462</subfield>
  </datafield>
  <datafield tag="100" ind1="1" ind2=" ">
    <subfield code="a">Mass&#xF3; Cantarero, Francisco,</subfield>
    <subfield code="d">1946-</subfield>
    <subfield code="0">XX1647177</subfield>
    <subfield code="9">226310</subfield>
    <subfield code="e">aut</subfield>
  </datafield>
  <datafield tag="245" ind1="1" ind2="4">
    <subfield code="a">Los pilares del poder humano /</subfield>
    <subfield code="c">Francisco Mass&#xF3; Cantarero</subfield>
  </datafield>
  <datafield tag="260" ind1=" " ind2=" ">
    <subfield code="a">Madrid :</subfield>
    <subfield code="b">Eneida,</subfield>
    <subfield code="c">[2003]</subfield>
  </datafield>
  <datafield tag="300" ind1=" " ind2=" ">
    <subfield code="a">254 p&#xE1;ginas :</subfield>
    <subfield code="b">gr&#xE1;ficos ;</subfield>
    <subfield code="c">24 cm</subfield>
  </datafield>
  <datafield tag="440" ind1=" " ind2="0">
    <subfield code="a">Puntos de vista ;</subfield>
    <subfield code="v">2</subfield>
    <subfield code="9">176667</subfield>
  </datafield>
  <datafield tag="500" ind1=" " ind2=" ">
    <subfield code="a">&#xCD;ndice</subfield>
  </datafield>
  <datafield tag="650" ind1=" " ind2="7">
    <subfield code="a">Control (Psicolog&#xED;a)</subfield>
    <subfield code="2">embne</subfield>
    <subfield code="9">233666</subfield>
  </datafield>
  <datafield tag="650" ind1=" " ind2="7">
    <subfield code="a">Poder</subfield>
    <subfield code="2">embne</subfield>
    <subfield code="9">16144</subfield>
  </datafield>
  <datafield tag="830" ind1=" " ind2=" ">
    <subfield code="9">176667</subfield>
    <subfield code="a">Puntos de vista ;</subfield>
    <subfield code="v">2</subfield>
  </datafield>
  <datafield tag="852" ind1=" " ind2=" ">
    <subfield code="a">ES-MaACL </subfield>
    <subfield code="b">R. 153096</subfield>
    <subfield code="c">DEPOJ</subfield>
    <subfield code="h">Donaci&#xF3;n: Francisco Mass&#xF3; Cantarero</subfield>
    <subfield code="j">N-8493</subfield>
    <subfield code="9">200251</subfield>
  </datafield>
  <datafield tag="903" ind1=" " ind2=" ">
    <subfield code="a">Mass&#xF3; Cantarero, Francisco,</subfield>
    <subfield code="d">1946-</subfield>
    <subfield code="e">dnr</subfield>
    <subfield code="9">226310</subfield>
  </datafield>
  <datafield tag="942" ind1=" " ind2=" ">
    <subfield code="c">MONOGRAFIA</subfield>
    <subfield code="n">0</subfield>
  </datafield>
  <datafield tag="999" ind1=" " ind2=" ">
    <subfield code="c">192948</subfield>
    <subfield code="d">192948</subfield>
  </datafield>
  <datafield tag="952" ind1=" " ind2=" ">
    <subfield code="0">0</subfield>
    <subfield code="1">0</subfield>
    <subfield code="2">udc</subfield>
    <subfield code="4">0</subfield>
    <subfield code="7">0</subfield>
    <subfield code="a">ATENEOM</subfield>
    <subfield code="b">ATENEOM</subfield>
    <subfield code="c">DEPOJ</subfield>
    <subfield code="d">2021-05-11</subfield>
    <subfield code="e">DONACION</subfield>
    <subfield code="l">0</subfield>
    <subfield code="o">N-8493</subfield>
    <subfield code="p">101205544</subfield>
    <subfield code="r">2023-07-12 00:00:00</subfield>
    <subfield code="y">MONOGRAFIA</subfield>
  </datafield>
</record>
